[Event "Reykjavik Open 2009"]
[Site "Reykjavik"]
[Date "2009.03.25"]
[Round "2.7"]
[White "Cori, Jorge"]
[Black "Oleksienko, Mikhailo"]
[Result "0-1"]
[WhiteElo "2370"]
[BlackElo "2550"]
[PlyCount "106"]
[EventDate "2008.03.24"]

1. e4 c5 2. Nf3 Nc6 3. Bb5 g6 4. O-O Bg7 5. Re1 Nf6 6. c3 O-O 7. h3 e5 8. d3 d6
9. Be3 Qb6 10. Bxc6 Qxc6 11. Qd2 Re8 12. Bh6 Bh8 13. c4 Nh5 14. Nc3 f5 15. exf5
Bxf5 16. Ng5 Bg7 17. Bxg7 Kxg7 18. g4 h6 19. gxh5 hxg5 20. Qxg5 Rh8 21. Qe7+
Kh6 22. Nd5 Rae8 23. Qh4 g5 24. Qg3 Ref8 25. h4 gxh4 26. Qe3+ Kh7 27. Kh2 Qe8
28. Rg1 Qf7 29. Rg5 Rhg8 30. Rag1 Rxg5 31. Rxg5 h3 32. f3 b5 33. f4 bxc4 34.
dxc4 Be6 35. Rg6 Qf5 36. Qg3 Bxd5 37. cxd5 exf4 38. Qc3 Rf7 39. Qxh3 Qxh3+ 40.
Kxh3 f3 41. Rg1 Kh6 42. Rf1 Kxh5 43. Kg3 f2 44. Rxf2 Rxf2 45. Kxf2 Kg4 46. Ke3
Kf5 47. Kd3 Ke5 48. Kc4 a6 49. a4 Ke4 50. b4 cxb4 51. Kxb4 Kxd5 52. Ka5 Kc6 53.
Kxa6 d5 0-1

[Event "Reykjavik Open 2009"]
[Site "Reykjavik"]
[Date "2009.03.26"]
[Round "3.2"]
[White "Kryvoruchko, Yuriy"]
[Black "Grandelius, Nils"]
[Result "1/2-1/2"]
[WhiteElo "2604"]
[BlackElo "2464"]
[PlyCount "103"]
[EventDate "2009.03.24"]

1. e4 e5 2. Nf3 Nc6 3. Bb5 Nf6 4. O-O Nxe4 5. d4 Nd6 6. Bxc6 dxc6 7. dxe5 Nf5
8. Qxd8+ Kxd8 9. Nc3 Ke8 10. h3 b6 11. Re1 Bb4 12. Bd2 Be6 13. Rad1 Rd8 14. a3
Bxc3 15. Bxc3 Rxd1 16. Rxd1 Bd5 17. Ne1 a5 18. Nd3 Ke7 19. Nf4 Rd8 20. g4 Nh4
21. Kh2 Nf3+ 22. Kg3 Ng5 23. f3 g6 24. h4 Ne6 25. Ng2 c5 26. Kf2 Bc6 27. Rxd8
Kxd8 28. Ke3 Ke7 29. Ne1 h5 30. Nd3 Ba4 31. b3 Bb5 32. Nf2 a4 33. Ne4 axb3 34.
cxb3 Bc6 35. Ng3 Ng7 36. Ne4 Bd5 37. b4 cxb4 38. axb4 Bc6 39. Be1 Ba4 40. Bg3
Bd1 41. Nc3 Bb3 42. Ne4 Bd1 43. Nc3 Bb3 44. Ke4 g5 45. hxg5 hxg4 46. fxg4 Ne6
47. Bh4 Bc2+ 48. Ke3 Bg6 49. Nd5+ Kd7 50. Nf4 Nxf4 51. Kxf4 Ke6 52. Bf2 1/2-1/2

[Event "Reykjavik Open 2009"]
[Site "Reykjavik"]
[Date "2009.03.26"]
[Round "3.4"]
[White "Maze, Sebastien"]
[Black "Shytaj, Luca"]
[Result "1-0"]
[WhiteElo "2579"]
[BlackElo "2453"]
[PlyCount "119"]
[EventDate "2009.03.24"]

1. e4 c5 2. Nf3 d6 3. d4 cxd4 4. Nxd4 Nf6 5. Nc3 a6 6. Bg5 e6 7. f4 Qc7 8. Qe2
Nc6 9. O-O-O Be7 10. Bh4 Nxd4 11. Rxd4 b5 12. g4 Rb8 13. a3 h6 14. g5 hxg5 15.
Bxg5 Qc5 16. Qd2 b4 17. axb4 Rxb4 18. Rxb4 Qxb4 19. Bg2 Bb7 20. e5 dxe5 21.
fxe5 Nd5 22. Bxd5 Bxd5 23. Bxe7 Qxe7 24. Nxd5 exd5 25. Qxd5 O-O 26. Re1 Rd8 27.
Qc4 Rd6 28. Kb1 Re6 29. Qd5 g6 30. Re4 Qg5 31. Qd4 Kg7 32. b3 Qe7 33. h4 Kh6
34. Qe3+ Kg7 35. Kb2 Kh7 36. Qg5 Qb7 37. Rf4 Qe7 38. Rf6 Kg7 39. Rxe6 Qxe6 40.
h5 a5 41. c4 Qd7 42. hxg6 Qd4+ 43. Kc2 Qe4+ 44. Kb2 Qd4+ 45. Kc2 Qe4+ 46. Kc3
fxg6 47. Qf6+ Kh6 48. Qd6 Qe3+ 49. Kb2 Kg5 50. c5 Qe2+ 51. Ka3 Qe1 52. Kb2 Qe2+
53. Kc3 Qe3+ 54. Kc4 Qe4+ 55. Qd4 Qb7 56. Qd8+ Kf5 57. Qf6+ Ke4 58. Qxg6+ Kxe5
59. Qd6+ Ke4 60. Qd4+ 1-0

[Event "Reykjavik Open 2009"]
[Site "Reykjavik"]
[Date "2009.03.26"]
[Round "3.5"]
[White "Oleksienko, Mikhailo"]
[Black "Thorhallsson, Throstur"]
[Result "1-0"]
[WhiteElo "2550"]
[BlackElo "2442"]
[PlyCount "77"]
[EventDate "2009.03.24"]

1. e4 c5 2. Nf3 d6 3. d4 cxd4 4. Nxd4 Nf6 5. Nc3 Nc6 6. f3 e6 7. Be3 Be7 8. Qd2
O-O 9. g4 a6 10. O-O-O Nxd4 11. Bxd4 Nd7 12. h4 b5 13. g5 Qc7 14. Kb1 b4 15.
Na4 Bb7 16. Qxb4 Bc6 17. Nc3 Rfb8 18. Qc4 Ne5 19. Qe2 Bb5 20. Nxb5 axb5 21. Qe3
Ra4 22. Qb3 Rba8 23. a3 Nc4 24. Bxc4 bxc4 25. Qe3 Rb8 26. Kc1 d5 27. Rhe1 dxe4
28. fxe4 Bd6 29. Rf1 Bf8 30. Rf3 Qb7 31. Rdf1 c3 32. Qxc3 Qxe4 33. Rf4 Qd5 34.
Qc7 Qb7 35. Qe5 Rc4 36. Rxf7 Rxc2+ 37. Kxc2 Qb3+ 38. Kb1 Qd3+ 39. Ka1 1-0

[Event "Reykjavik Open 2009"]
[Site "Reykjavik"]
[Date "2009.03.26"]
[Round "3.7"]
[White "Leon Hoyos, Manuel"]
[Black "Breder, Dennis"]
[Result "1-0"]
[WhiteElo "2542"]
[BlackElo "2427"]
[PlyCount "39"]
[EventDate "2009.03.24"]

1. e4 c6 2. d4 d5 3. Nc3 dxe4 4. Nxe4 Nd7 5. Ng5 h6 6. Ne6 Qb6 7. Nxf8 Nxf8 8.
c3 Bf5 9. Nf3 Nf6 10. Ne5 N8d7 11. Qf3 Bh7 12. Nc4 Qd8 13. Qg3 Bg6 14. Be2 b5
15. Ne5 Nxe5 16. dxe5 Ne4 17. Qe3 Qb6 18. a4 Nc5 19. a5 Nd3+ 20. Qxd3 1-0

[Event "Reykjavik Open 2009"]
[Site "Reykjavik"]
[Date "2009.03.26"]
[Round "3.9"]
[White "Areshchenko, Alexander"]
[Black "Popovic, Milos T"]
[Result "1-0"]
[WhiteElo "2673"]
[BlackElo "2400"]
[PlyCount "111"]
[EventDate "2009.03.24"]

1. e4 c5 2. Nf3 Nc6 3. Bb5 e5 4. Bxc6 bxc6 5. O-O d6 6. c3 Nf6 7. Re1 Bg4 8. h3
Bh5 9. d4 Qc7 10. dxe5 dxe5 11. Bg5 Nd7 12. Nbd2 f6 13. Be3 Be7 14. Nf1 Bf7 15.
Ng3 g6 16. Bh6 c4 17. Nh2 O-O-O 18. Qg4 Kb7 19. b4 Nf8 20. Qe2 Rd3 21. Qb2 Ne6
22. Be3 Rhd8 23. a4 Ka8 24. Nf3 h5 25. Reb1 c5 26. Ne1 R3d7 27. Nc2 Nf4 28.
bxc5 Nd3 29. Qa2 Nxc5 30. Bxc5 Bxc5 31. Nf1 Qc6 32. Rb5 Rb7 33. Rab1 Rdb8 34.
Nb4 Bxb4 35. R1xb4 Qxe4 36. Ne3 Qd3 37. Rxb7 Rxb7 38. Qb2 Qd7 39. a5 Qc7 40.
Rxb7 Qxb7 41. Qa3 Qc7 42. a6 Be6 43. Qf8+ Qc8 44. Qxf6 Qxa6 45. Qxg6 h4 46.
Qe4+ Kb8 47. Qxe5+ Kc8 48. Qh8+ Kd7 49. Qd4+ Kc6 50. Nc2 Qb6 51. Qe4+ Kd6 52.
Nd4 Bd5 53. Nf5+ Kc5 54. Qd4+ Kc6 55. Ne7+ Kd6 56. Nc8+ 1-0

[Event "Reykjavik Open 2009"]
[Site "Reykjavik"]
[Date "2009.03.26"]
[Round "3.11"]
[White "Stefansson, Hannes"]
[Black "Gislason, Gudmundur"]
[Result "1-0"]
[WhiteElo "2563"]
[BlackElo "2351"]
[PlyCount "115"]
[EventDate "2009.03.24"]

1. d4 Nf6 2. c4 g6 3. Nf3 Bg7 4. g3 O-O 5. Bg2 c6 6. Nc3 d6 7. O-O a5 8. e4 e5
9. h3 Be6 10. b3 Na6 11. Be3 Qb8 12. Qe2 Re8 13. Rad1 exd4 14. Bxd4 c5 15. Be3
a4 16. Bf4 axb3 17. axb3 Nb4 18. Bxd6 Qc8 19. Na4 Nd7 20. Bf4 b5 21. cxb5 Bxb3
22. Rxd7 Rxa4 23. Rc7 Qd8 24. b6 Nd3 25. Bg5 f6 26. Be3 Rb4 27. Nd2 Rxb6 28.
Nxb3 Rxb3 29. Ra7 Rb2 30. Qd1 Kh8 31. Qa4 Rb4 32. Qa1 c4 33. Bd4 Rb8 34. Qc3
Nb2 35. Be3 Rb3 36. Qc1 Re7 37. Ra2 Reb7 38. e5 Nd3 39. Qxc4 Nxe5 40. Qe6 Rb8
41. Ra7 h5 42. Be4 Rxe3 43. fxe3 Qd2 44. Qe7 Qxe3+ 45. Kh2 Rg8 46. Bg2 f5 47.
Qa3 Qh6 48. Qc1 Rd8 49. Qxh6+ Bxh6 50. Re1 Re8 51. Rb1 Be3 52. Rc7 f4 53. Be4
Rd8 54. Kg2 g5 55. Bd5 f3+ 56. Bxf3 g4 57. hxg4 Rd2+ 58. Kh3 1-0

[Event "Reykjavik Open 2009"]
[Site "Reykjavik"]
[Date "2009.03.26"]
[Round "3.12"]
[White "Carlhammar, Magnus"]
[Black "Marin, Mihail"]
[Result "0-1"]
[WhiteElo "2350"]
[BlackElo "2556"]
[PlyCount "208"]
[EventDate "2009.03.24"]

1. Nf3 f5 2. d3 d6 3. e4 e5 4. Nc3 Nf6 5. exf5 Bxf5 6. d4 e4 7. Nh4 Bg4 8. Be2
Bxe2 9. Qxe2 d5 10. Bg5 Nc6 11. Bxf6 Qxf6 12. Nxd5 Qxh4 13. Nxc7+ Kd7 14. Nxa8
Bd6 15. g3 Qg5 16. O-O Qg6 17. Rad1 Rxa8 18. c4 Be7 19. c5 Bf6 20. Qb5 Kc8 21.
d5 Nd4 22. Rxd4 Bxd4 23. Qa4 Bf6 24. d6 Kd8 25. Qb5 Qf7 26. c6 bxc6 27. Qxc6
Rc8 28. Qxe4 Qc4 29. Qxh7 Kd7 30. Qf5+ Kxd6 31. Rd1+ Kc7 32. Rd5 Qc1+ 33. Kg2
Qc6 34. Kg1 Kb8 35. h4 Ka8 36. b4 Qb7 37. Rd1 Rc3 38. b5 Rc8 39. Kh2 Re8 40. a4
Qe4 41. Qxe4+ Rxe4 42. a5 Re5 43. Rb1 Re2 44. b6 Rxf2+ 45. Kh3 a6 46. b7+ Kb8
47. Rb6 Be5 48. Rxa6 Rf3 49. Rg6 Kxb7 50. h5 Kc7 51. a6 Kd7 52. a7 Ra3 53. h6
gxh6 54. a8=Q Rxa8 55. Rxh6 Rg8 56. g4 Ke7 57. Rh5 Ke6 58. Rh6+ Bf6 59. Rh5 Bg5
60. Kg3 Kf6 61. Rh1 Ra8 62. Rf1+ Kg6 63. Rf3 Bf6 64. Rb3 Be5+ 65. Kf3 Ra4 66.
Rb6+ Kf7 67. g5 Rf4+ 68. Ke2 Rg4 69. g6+ Kg7 70. Rb5 Bf6 71. Kf3 Ra4 72. Rd5
Kxg6 73. Rb5 Ba1 74. Ke3 Kf6 75. Kd3 Be5 76. Rb7 Rd4+ 77. Ke3 Rh4 78. Kd3 Kf5
79. Rb1 Rh3+ 80. Kc4 Rc3+ 81. Kd5 Rc8 82. Rf1+ Bf4 83. Re1 Rd8+ 84. Kc4 Be5 85.
Rh1 Rd4+ 86. Kc5 Rd2 87. Rh5+ Ke4 88. Rh4+ Bf4 89. Kc6 Rc2+ 90. Kb5 Rc8 91. Kb4
Ke5 92. Rh1 Bd2+ 93. Kb5 Bc3 94. Rh5+ Kd6 95. Ka4 Be5 96. Kb5 Kd5 97. Kb4 Rb8+
98. Ka5 Rb1 99. Ka4 Kc4 100. Ka5 Bd4 101. Ka6 Rb6+ 102. Ka5 Re6 103. Rh4 Rg6
104. Rf4 Rg2 0-1

[Event "Reykjavik Open 2009"]
[Site "Reykjavik"]
[Date "2009.03.26"]
[Round "3.13"]
[White "Rombaldoni, Axel"]
[Black "Nataf, Igor-Alexandre"]
[Result "1/2-1/2"]
[WhiteElo "2309"]
[BlackElo "2533"]
[PlyCount "137"]
[EventDate "2009.03.24"]

1. e4 c5 2. Nf3 Nc6 3. d4 cxd4 4. Nxd4 e5 5. Nb5 d6 6. a4 Nf6 7. N1c3 a6 8. Na3
Be6 9. Bc4 Rc8 10. O-O Nd4 11. Bxe6 fxe6 12. Be3 Qb6 13. Ncb5 axb5 14. c3 bxa4
15. cxd4 Qb3 16. Rc1 Rd8 17. dxe5 dxe5 18. Qxb3 axb3 19. Bb6 Ra8 20. Nb5 Kf7
21. f4 exf4 22. Rxf4 Ra4 23. Bd4 e5 24. Bxe5 Rxe4 25. Rxe4 Nxe4 26. Bd4 Be7 27.
Rc7 Ra8 28. Kf1 Ra1+ 29. Ke2 Rh1 30. Kd3 Nf6 31. Nc3 Ke8 32. Be5 Nd7 33. Bg3
Rg1 34. Nd5 Bd8 35. Rc8 Rd1+ 36. Ke4 Rxd5 37. Rxd8+ Kxd8 38. Kxd5 Nb6+ 39. Ke6
Nc4 40. Be5 Nxe5 41. Kxe5 Ke7 42. Kd4 Kd6 43. Kc4 Ke5 44. Kxb3 Kd4 45. Kb4 Ke3
46. Kc5 Kf2 47. g4 Kg2 48. Kb6 Kxh2 49. Kxb7 Kg3 50. g5 Kg4 51. b4 Kxg5 52. b5
h5 53. b6 h4 54. Ka7 h3 55. b7 h2 56. b8=Q h1=Q 57. Qe5+ Kh6 58. Qf4+ Kh7 59.
Qf5+ g6 60. Qf7+ Kh6 61. Qf4+ Kg7 62. Qe5+ Kf7 63. Qf4+ Ke8 64. Qe5+ Kf7 65.
Qf4+ Ke6 66. Qg4+ Kf6 67. Qf4+ Kg7 68. Qe5+ Kf7 69. Qf4+ 1/2-1/2

[Event "Reykjavik Open 2009"]
[Site "Reykjavik"]
[Date "2009.03.26"]
[Round "3.14"]
[White "Thorsteinsson, Thorsteinn"]
[Black "Bhat, Vinay S"]
[Result "1/2-1/2"]
[WhiteElo "2288"]
[BlackElo "2495"]
[PlyCount "41"]
[EventDate "2009.03.24"]

1. d4 d5 2. c4 c6 3. Nf3 Nf6 4. Nc3 dxc4 5. a4 Bf5 6. Ne5 Nbd7 7. Nxc4 Nb6 8.
Ne5 a5 9. f3 Nfd7 10. Nxd7 Nxd7 11. e4 Bg6 12. Be3 e6 13. Bc4 Bb4 14. O-O O-O
15. Qb3 Qc7 16. Rac1 Rfe8 17. Ne2 Nb6 18. Nf4 Nxc4 19. Rxc4 Rad8 20. g3 Qb8 21.
Kg2 1/2-1/2

[Event "Reykjavik Open 2009"]
[Site "Reykjavik"]
[Date "2009.03.26"]
[Round "3.15"]
[White "Brynjarsson, Helgi"]
[Black "Danielsen, Henrik"]
[Result "0-1"]
[WhiteElo "1949"]
[BlackElo "2482"]
[PlyCount "138"]
[EventDate "2009.03.24"]

1. e4 d6 2. d4 g6 3. c4 Bg7 4. Nc3 Nf6 5. Bd3 O-O 6. Nge2 e5 7. dxe5 dxe5 8. f3
Nbd7 9. Be3 c6 10. O-O Qe7 11. a3 Rd8 12. b4 Nf8 13. Qc2 Nh5 14. g3 Bh3 15.
Rfd1 Qf6 16. Kf2 Ne6 17. Ng1 Nhf4 18. Nxh3 Nxh3+ 19. Kg2 Nhf4+ 20. Kf2 a5 21.
Ra2 axb4 22. axb4 Rxa2 23. Nxa2 Nh3+ 24. Kg2 Nhg5 25. Be2 h5 26. Rxd8+ Qxd8 27.
Qd2 Qe7 28. h4 Nh7 29. Nc1 Nhf8 30. Nb3 f5 31. exf5 gxf5 32. c5 f4 33. gxf4
Qxh4 34. f5 Nf4+ 35. Bxf4 exf4 36. Bc4+ Kh8 37. Qf2 Qg5+ 38. Kh2 Qxf5 39. Nd4
Qf6 40. Ne2 Nd7 41. Bd3 Ne5 42. Be4 Nf7 43. b5 Ng5 44. bxc6 bxc6 45. Ng1 Nxe4
46. fxe4 Qd4 47. Qxd4 Bxd4 48. Nf3 Bxc5 49. Ne5 Kg7 50. Nxc6 Kf6 51. Kg2 h4 52.
Na5 Ke5 53. Nc4+ Kxe4 54. Nd2+ Ke3 55. Nf1+ Ke2 56. Nh2 Be7 57. Kh3 Ke3 58. Kg2
Bb4 59. Ng4+ Ke2 60. Ne5 Bd6 61. Ng4 f3+ 62. Kg1 Bg3 63. Kh1 h3 64. Kg1 Kd3 65.
Kh1 Ke4 66. Nf6+ Kf5 67. Nd5 Bf4 68. Kg1 h2+ 69. Kh1 f2 0-1

[Event "Reykjavik Open 2009"]
[Site "Reykjavik"]
[Date "2009.03.26"]
[Round "3.17"]
[White "Gunnarsson, Jon Viktor"]
[Black "Guilleux, Fabien"]
[Result "0-1"]
[WhiteElo "2463"]
[BlackElo "2303"]
[PlyCount "68"]
[EventDate "2009.03.24"]

1. e4 c5 2. Nf3 d6 3. d4 cxd4 4. Nxd4 Nf6 5. Nc3 Nc6 6. Bg5 e6 7. Qd2 a6 8.
O-O-O Bd7 9. f3 Qa5 10. Nb3 Qc7 11. Kb1 Be7 12. h4 h6 13. Bf4 Ne5 14. Be2 b5
15. a3 Rb8 16. g4 Nc4 17. Qd3 Bc6 18. g5 Nd7 19. Na2 a5 20. Qc3 e5 21. Bxc4
bxc4 22. Nxa5 Bb5 23. Be3 Bd8 24. Rd5 hxg5 25. a4 Rxh4 26. Rg1 Bc6 27. Nxc6
Qxc6 28. a5 Nf6 29. Rdd1 Rh3 30. Qa3 Rxf3 31. Rxg5 Nxe4 32. Rxg7 c3 33. Rg8+
Kd7 34. Bb6 Nd2+ 0-1

[Event "Reykjavik Open 2009"]
[Site "Reykjavik"]
[Date "2009.03.26"]
[Round "3.18"]
[White "Siebrecht, Sebastian"]
[Black "Cohen, Or"]
[Result "1-0"]
[WhiteElo "2440"]
[BlackElo "2286"]
[PlyCount "67"]
[EventDate "2009.03.24"]

1. c4 e5 2. Nc3 Nf6 3. g3 c6 4. d4 exd4 5. Qxd4 Na6 6. Bg2 d5 7. cxd5 Nb4 8.
Qd1 Nbxd5 9. Nxd5 Nxd5 10. Nf3 Bb4+ 11. Bd2 Bxd2+ 12. Qxd2 O-O 13. O-O Nf6 14.
Qc2 Qe7 15. Rfe1 Bg4 16. Nd4 Rad8 17. Nb3 Rfe8 18. e4 Be6 19. Nc5 Bc8 20. h3 b6
21. Nb3 c5 22. Nd2 Bb7 23. a4 Nd7 24. Nc4 Ne5 25. Ne3 Nc6 26. Nf5 Qf6 27. Rad1
Nd4 28. Nxd4 Rxd4 29. Rxd4 Qxd4 30. Rd1 Qe5 31. Rd7 Re7 32. Qd3 g6 33. f4 Qe6
34. Rd6 1-0

[Event "Reykjavik Open 2009"]
[Site "Reykjavik"]
[Date "2009.03.26"]
[Round "3.19"]
[White "Lund, Esben"]
[Black "Halldorsson, Jon Arni"]
[Result "1/2-1/2"]
[WhiteElo "2421"]
[BlackElo "2162"]
[PlyCount "103"]
[EventDate "2009.03.24"]

1. d4 d5 2. c4 c6 3. Nf3 Nf6 4. e3 Bg4 5. h3 Bxf3 6. Qxf3 e6 7. Bd3 Nbd7 8. Nc3
Bb4 9. Bd2 Qe7 10. a3 Ba5 11. cxd5 cxd5 12. O-O Qd8 13. b4 Bc7 14. a4 O-O 15.
a5 Rc8 16. Rfd1 Qe7 17. Rac1 Rfd8 18. g3 Bd6 19. b5 Bb4 20. a6 bxa6 21. bxa6
Nb6 22. Be1 Nc4 23. Na4 Bxe1 24. Rxe1 Qa3 25. Bxc4 Qxa4 26. Bf1 Ne4 27. Qd1 Qa2
28. Qe2 Qxe2 29. Bxe2 Nd6 30. Bd3 Rxc1 31. Rxc1 Rc8 32. Rb1 Kf8 33. Kf1 Ke7 34.
Ke2 Kd7 35. g4 h6 36. h4 f6 37. f3 Kc7 38. e4 dxe4 39. fxe4 Rb8 40. Rc1+ Kd7
41. e5 fxe5 42. dxe5 Nf7 43. Rc5 Rb4 44. Kf3 Rb3 45. Ke4 Rb4+ 46. Bc4 Rb1 47.
Bb5+ Kd8 48. Be2 Rb4+ 49. Ke3 Rb3+ 50. Kd4 Rb4+ 51. Bc4 Kd7 52. Ke4 1/2-1/2

[Event "Reykjavik Open 2009"]
[Site "Reykjavik"]
[Date "2009.03.26"]
[Round "3.20"]
[White "Macak, Stefan"]
[Black "Thorgeirsson, Sverrir"]
[Result "1-0"]
[WhiteElo "2527"]
[BlackElo "2094"]
[PlyCount "57"]
[EventDate "2009.03.24"]

1. e4 e6 2. d4 d5 3. e5 c5 4. Qg4 cxd4 5. Nf3 Nc6 6. Bd3 h5 7. Qg3 Nh6 8. O-O
Nf5 9. Bxf5 exf5 10. h4 Be6 11. Bf4 Qb6 12. Nbd2 a5 13. a4 O-O-O 14. Rfd1 Qxb2
15. Nb3 d3 16. Rdb1 Qc3 17. Bd2 f4 18. Qh2 Qc4 19. cxd3 Qxd3 20. Nxa5 Nxa5 21.
Bxa5 Rd7 22. Qxf4 Kb8 23. Bb6 Qe4 24. Qd2 Qc4 25. Rb5 Rc7 26. Bxc7+ Qxc7 27.
Rc1 Qd7 28. Nd4 Ba3 29. Rc3 1-0

[Event "Reykjavik Open 2009"]
[Site "Reykjavik"]
[Date "2009.03.26"]
[Round "3.21"]
[White "Williams, Simon K"]
[Black "Naslund, Mikael"]
[Result "1-0"]
[WhiteElo "2507"]
[BlackElo "2195"]
[PlyCount "73"]
[EventDate "2009.03.24"]

1. c4 e5 2. Nc3 Nc6 3. Nf3 f5 4. d4 e4 5. Ng5 Bb4 6. h4 Nf6 7. e3 Bxc3+ 8. bxc3
d6 9. c5 d5 10. c4 Ne7 11. cxd5 Nexd5 12. c6 bxc6 13. Ba3 h6 14. Nh3 Be6 15.
Rc1 Ne7 16. Nf4 Bf7 17. Rxc6 O-O 18. Rc1 c6 19. Qd2 Nfd5 20. Nxd5 Bxd5 21. Bc4
Rf7 22. g3 f4 23. gxf4 Nf5 24. h5 Nh4 25. Qc3 Rb8 26. Ke2 Nf3 27. Rb1 Rxb1 28.
Rxb1 Qd7 29. Rb8+ Kh7 30. Kd1 Qg4 31. Kc2 Qg1 32. Bxd5 Qxf2+ 33. Kb3 cxd5 34.
Qc8 Qxe3+ 35. Ka4 Qxd4+ 36. Bb4 g5 37. Qg8# 1-0

[Event "Reykjavik Open 2009"]
[Site "Reykjavik"]
[Date "2009.03.26"]
[Round "3.22"]
[White "Moskow, Eric"]
[Black "Harika, Dronavalli"]
[Result "0-1"]
[WhiteElo "2225"]
[BlackElo "2473"]
[PlyCount "56"]
[EventDate "2009.03.24"]

1. c4 g6 2. Nc3 Bg7 3. g3 Nf6 4. Bg2 O-O 5. Nf3 d5 6. cxd5 Nxd5 7. O-O Nc6 8.
Nxd5 Qxd5 9. d3 Qh5 10. Qc2 a5 11. Be3 a4 12. Rac1 Qb5 13. d4 Be6 14. Qc5 Qxc5
15. Rxc5 Bxa2 16. d5 Nb4 17. Nd4 Rfd8 18. Rxc7 Bxd5 19. Bxd5 Nxd5 20. Rxb7 Rab8
21. Rxb8 Rxb8 22. Ra1 Nxe3 23. fxe3 Rxb2 24. Rxa4 Bxd4 25. exd4 Rxe2 26. Ra7 e6
27. h3 Rd2 28. Rd7 Kf8 0-1

[Event "Reykjavik Open 2009"]
[Site "Reykjavik"]
[Date "2009.03.26"]
[Round "3.24"]
[White "Andersen, Mads"]
[Black "Perunovic, Miodrag"]
[Result "1/2-1/2"]
[WhiteElo "2190"]
[BlackElo "2439"]
[PlyCount "123"]
[EventDate "2009.03.24"]

1. e4 c6 2. d4 d5 3. Nd2 dxe4 4. Nxe4 Nd7 5. Ng5 Ngf6 6. Bd3 e6 7. N1f3 Bd6 8.
Qe2 h6 9. Ne4 Nxe4 10. Qxe4 Qc7 11. O-O b6 12. Qg4 Kf8 13. b3 c5 14. Bb2 e5 15.
dxc5 Nxc5 16. Qh4 Bb7 17. Bc4 a6 18. a4 Re8 19. Rad1 e4 20. Nd4 Be5 21. Ba3 Bf6
22. Qg4 Bc8 23. Qe2 Kg8 24. c3 Kh7 25. Bxc5 bxc5 26. Nc2 Qf4 27. Ne3 Be5 28. g3
Qg5 29. Bxf7 Re7 30. Bd5 Bxc3 31. Qc2 Bd4 32. Bxe4+ g6 33. Nd5 Rf7 34. Bg2 Rhf8
35. Rd2 Be6 36. Nc3 Bxb3 37. Ne4 Qd5 38. Nf6+ Rxf6 39. Bxd5 Bxc2 40. Rxc2 Rb6
41. Bc4 Rf3 42. a5 Rbf6 43. Bd5 Ra3 44. Ra2 Rc3 45. Rb1 h5 46. Kg2 Rd6 47. Rb7+
Kh6 48. Be4 c4 49. Rc7 Rc1 50. Rc2 Rxc2 51. Bxc2 c3 52. Bb3 Rf6 53. f4 Rd6 54.
Kf3 Bf6 55. Bg8 Bg7 56. Ke3 Rd1 57. h4 Rg1 58. Kf3 Rf1+ 59. Ke2 Rg1 60. Kf3 Rc1
61. Ke2 Rg1 62. Kf3 1/2-1/2

[Event "Reykjavik Open 2009"]
[Site "Reykjavik"]
[Date "2009.03.26"]
[Round "3.25"]
[White "Thorfinnsson, Bjorn"]
[Black "Asgeirsson, Heimir"]
[Result "1-0"]
[WhiteElo "2408"]
[BlackElo "2171"]
[PlyCount "71"]
[EventDate "2009.03.24"]

1. c4 e6 2. Nc3 d5 3. e3 Nf6 4. Nf3 Be7 5. b3 O-O 6. Bb2 c5 7. cxd5 Nxd5 8. Be2
Bf6 9. Rc1 b6 10. d4 cxd4 11. Nxd5 Qxd5 12. Nxd4 Bb7 13. Bf3 Qd7 14. O-O Na6
15. Qe2 Rac8 16. Rcd1 Qe7 17. e4 Bxd4 18. Rxd4 Rfd8 19. Ra4 Nb4 20. Qb5 Nc6 21.
e5 Na5 22. Bxb7 Nxb7 23. Rxa7 Qc7 24. Qa6 Rb8 25. h3 Qc6 26. Rc1 Nc5 27. Qc4
Qd5 28. Qf4 Rf8 29. Qe3 Rfd8 30. Rc4 Qd1+ 31. Kh2 Qb1 32. Bd4 Nd3 33. Bxb6 Rd5
34. Bc7 Rf8 35. Bd6 Qf1 36. Qf3 1-0

[Event "Reykjavik Open 2009"]
[Site "Reykjavik"]
[Date "2009.03.26"]
[Round "3.26"]
[White "Bjornsson, Tomas"]
[Black "Arngrimsson, Dagur"]
[Result "1/2-1/2"]
[WhiteElo "2173"]
[BlackElo "2404"]
[PlyCount "81"]
[EventDate "2009.03.24"]

1. d4 d5 2. Nf3 Nf6 3. c4 c6 4. Nc3 dxc4 5. a4 Bf5 6. e3 e6 7. Bxc4 Bb4 8. O-O
O-O 9. Qe2 Nbd7 10. h3 Bg6 11. Nh4 Bh5 12. g4 Nd5 13. Ng2 Bg6 14. Na2 Be7 15.
e4 N5b6 16. Bb3 Nf6 17. a5 Nc8 18. e5 Nd5 19. f4 f5 20. Nc3 Bb4 21. Nxd5 exd5
22. Bd2 Bxd2 23. Qxd2 Qd7 24. Ne3 Ne7 25. Bc2 Rad8 26. b4 b6 27. axb6 axb6 28.
g5 Bf7 29. Ra6 c5 30. Rxb6 cxd4 31. Qxd4 Qa7 32. Rd1 Bh5 33. Rd2 Rc8 34. Rd6
Qa3 35. Kh2 Rc3 36. Rd3 Rfc8 37. Rd8+ Rxd8 38. Rxc3 Qa1 39. Rd3 Qc1 40. b5 Bf3
41. Bd1 1/2-1/2

[Event "Reykjavik Open 2009"]
[Site "Reykjavik"]
[Date "2009.03.26"]
[Round "3.27"]
[White "Caspi, Israel"]
[Black "Bjornsson, Sverrir Orn"]
[Result "1-0"]
[WhiteElo "2402"]
[BlackElo "2161"]
[PlyCount "83"]
[EventDate "2009.03.24"]

1. e4 Nf6 2. e5 Nd5 3. d4 d6 4. c4 Nb6 5. exd6 exd6 6. Nc3 Be7 7. Nf3 O-O 8.
Be2 Re8 9. O-O Bg4 10. h3 Bh5 11. Be3 Nc6 12. b3 d5 13. c5 Nc8 14. b4 Bf8 15.
Qb3 N6e7 16. b5 f6 17. Rfe1 Bf7 18. Bd3 Qd7 19. Bf4 Bg6 20. Bxg6 hxg6 21. Bxc7
Qxc7 22. Nxd5 Nxd5 23. Rxe8 Qf7 24. Rae1 Nc7 25. Qxf7+ Kxf7 26. Rd8 Ne7 27. Rd7
Rc8 28. b6 axb6 29. cxb6 Ncd5 30. Rxb7 Ra8 31. Rb1 Ke6 32. Nd2 Kd6 33. Ra7 Rb8
34. Nc4+ Kc6 35. Na5+ Kd6 36. b7 Nc7 37. a4 Kd5 38. Rc1 Kd6 39. Nc4+ Kc6 40. a5
Ned5 41. Ne5+ Kd6 42. Nc6 1-0

[Event "Reykjavik Open 2009"]
[Site "Reykjavik"]
[Date "2009.03.26"]
[Round "3.28"]
[White "Ostling, Hakan"]
[Black "Thorfinnsson, Bragi"]
[Result "0-1"]
[WhiteElo "2151"]
[BlackElo "2383"]
[PlyCount "66"]
[EventDate "2009.03.24"]

1. f4 d5 2. Nf3 Nf6 3. b3 g6 4. Bb2 Bg7 5. e3 O-O 6. Be2 c5 7. O-O Nc6 8. Ne5
Qc7 9. Nc3 Rd8 10. Nxc6 Qxc6 11. Bf3 Qc7 12. Qe2 Be6 13. Nb5 Qb6 14. Be5 Ne8
15. Bxg7 Nxg7 16. c4 Rd7 17. d3 Rad8 18. Rfd1 dxc4 19. bxc4 Qa5 20. Qc2 Nf5 21.
Kf2 a6 22. Nc3 b5 23. cxb5 axb5 24. Bc6 Rc7 25. Bxb5 Nd4 26. Qb2 Nxb5 27. Nxb5
Rcd7 28. d4 Bg4 29. Rdc1 cxd4 30. Nxd4 e5 31. Nc6 Rd2+ 32. Kg3 exf4+ 33. exf4
R8d3+ 0-1

[Event "Reykjavik Open 2009"]
[Site "Reykjavik"]
[Date "2009.03.26"]
[Round "3.29"]
[White "Thorsteinsson, Erlingur"]
[Black "Cori, Jorge"]
[Result "1-0"]
[WhiteElo "2130"]
[BlackElo "2370"]
[PlyCount "205"]
[EventDate "2009.03.24"]

1. d4 Nf6 2. Nf3 d6 3. Bf4 g6 4. Nbd2 Bg7 5. h3 Nbd7 6. e3 O-O 7. Be2 c5 8. c3
b6 9. O-O Bb7 10. a4 a6 11. b4 Nd5 12. Qb3 Nxf4 13. exf4 cxd4 14. cxd4 Nf6 15.
b5 a5 16. Bd3 Rc8 17. Rac1 Nd5 18. f5 Nf4 19. Rxc8 Qxc8 20. fxg6 hxg6 21. Re1
e6 22. Be4 Nd5 23. Nc4 Qc7 24. Ne3 Nf4 25. d5 Qc3 26. Qa2 e5 27. Rd1 Rc8 28.
Nd2 f5 29. Bb1 Qc5 30. Ndc4 e4 31. Qd2 Bc3 32. Qc2 Bd4 33. Qd2 Bxe3 34. Nxe3
Qc3 35. Qa2 Rc5 36. Bc2 Kh7 37. Bb3 Nd3 38. Qb1 Nc1 39. Bc4 Rxc4 40. Nxc4 Ne2+
41. Kh1 Qxc4 42. Qb2 e3 43. Qf6 Bxd5 44. Qe7+ Bf7 45. Qxe3 Nf4 46. Qe7 Kg7 47.
Qxd6 Qe4 48. f3 Qe3 49. Kh2 Ne2 50. Kh1 Nf4 51. Kh2 g5 52. Kh1 Qe2 53. Qd4+ Kh7
54. Rd2 Qe1+ 55. Kh2 Qe6 56. Qf2 Qe5 57. Kg1 Nd5 58. h4 Qa1+ 59. Kh2 Qxa4 60.
Rd4 Qxb5 61. hxg5 Kg7 62. Rh4 Qc5 63. Qe2 Qc7+ 64. g3 Qc3 65. Kh3 b5 66. Qxb5
Qxf3 67. Qb2+ Qc3 68. Qf2 Qa1 69. Kh2 Qe5 70. Qc5 Qb2+ 71. Kh3 Qa1 72. Kh2 Qc3
73. Rc4 Qd2+ 74. Kh3 Be6 75. Qd4+ Qxd4 76. Rxd4 Nc3 77. Rd6 Bb3 78. Rd3 a4 79.
Rxc3 Bf7 80. Rc7 a3 81. Ra7 a2 82. Kh4 Kg6 83. Ra6+ Kg7 84. g6 Bxg6 85. Rxa2
Bf7 86. Ra6 Bc4 87. Rc6 Bd3 88. Kg5 Bb1 89. Rc7+ Kg8 90. Kf6 Bd3 91. Rd7 Bc2
92. Rd8+ Kh7 93. Rd2 Bb1 94. Rh2+ Kg8 95. Rh5 Bc2 96. Rxf5 Bxf5 97. Kxf5 Kf7
98. Kg5 Kg7 99. g4 Kh7 100. Kf6 Kg8 101. Kg6 Kh8 102. Kh6 Kg8 103. g5 1-0